| 000 | 01122nam a22002897a 4500 | ||
|---|---|---|---|
| 005 | 20250404160907.0 | ||
| 008 | 250404b |||||||| |||| 00| 0 eng d | ||
| 020 | _a978-1-032-29847-4 (pbk) | ||
| 037 | _cTB | ||
| 040 |
_aCRL _cCRL |
||
| 041 |
_2eng _aeng |
||
| 084 |
_aX5.6 R4 _qCRL |
||
| 245 |
_aFuture of entrepreneurship in Africa: _bCross-sectoral perspectives post COVID-19 |
||
| 260 |
_aNew York, USA; _bRoutledge, _c2024, |
||
| 300 | _axi, 166p. | ||
| 365 |
_b44.99 _cUKP |
||
| 650 | _aBusiness | ||
| 650 | _aEconomics | ||
| 700 |
_aHinson, Robert E. (Editor) _9751857 |
||
| 700 |
_aOdame, Nyarko Anyamesem (Editor) _9751858 |
||
| 700 |
_aTwum, Kojo Kakra (Editor) _9751859 |
||
| 700 |
_aRambe, Patient (Editor) _9751860 |
||
| 700 |
_aIgwe, Paul Agu (Editor) _9751861 |
||
| 700 |
_aRugara, David Gamariel (Editor) _9751862 |
||
| 942 |
_2CC _cTB _hX5.6 R4 _n0 |
||
| 999 |
_c1308472 _d1308472 |
||